| 000 | 00420pam a2200145 a 4500 | ||
|---|---|---|---|
| 020 | _a1559347724 | ||
| 040 | _cDLC | ||
| 082 | 0 | 0 | _a302 MAY 1999 A011 Or. |
| 100 | 1 | _aKeyton, Joann. | |
| 245 | 1 | 0 |
_aGroup communication : _bprocess and analysis / |
| 260 |
_aMountain View, Calif. : _bMayfield Pub. Co., _cc1999. |
||
| 300 |
_axvi, 436, [28] p. : _bill. ; _c24 cm. |
||
| 650 | 0 | _aCommunication in small groups. | |
| 942 | _cEK | ||
| 999 |
_c13650 _d13650 |
||